Našou prioritou je e-shop
Rozhovor s konateľom spoločnosti Delia potraviny, Jozefom Berkom. Sieť sa chce sústrediť najmä na e-shop, ktorý zaznamenáva výrazný nárast. Okrem toho Delia plánuje rozšíriť kamenné predajne a hľadá prevádzkarov.
Gespeichert in:
| 1. Verfasser: | |
|---|---|
| Weitere Verfasser: | |
| Format: | Buchkapitel |
| Sprache: | Slowakisch |
| Schlagworte: | |
| Tags: |
Keine Tags, Fügen Sie das erste Tag hinzu!
|
MARC
| LEADER | 00000naa a2200000 4500 | ||
|---|---|---|---|
| 001 | 0277145 | ||
| 005 | 20210712134757.8 | ||
| 041 | 0 | |a slo | |
| 044 | |a CZ | ||
| 245 | 1 | 0 | |a Našou prioritou je e-shop |c Tatiana Kapitánová, Jozef Berk |
| 520 | |a Rozhovor s konateľom spoločnosti Delia potraviny, Jozefom Berkom. Sieť sa chce sústrediť najmä na e-shop, ktorý zaznamenáva výrazný nárast. Okrem toho Delia plánuje rozšíriť kamenné predajne a hľadá prevádzkarov. | ||
| 610 | 2 | 0 | |a rozhovor |
| 610 | 2 | 0 | |a potraviny |
| 610 | 2 | 0 | |a reťazce obchodné |
| 610 | 2 | 0 | |a obchod elektronický |
| 610 | 2 | 0 | |a značky maloobchodné |
| 100 | 1 | |a Kapitánová, Tatiana | |
| 700 | 1 | |a Berk, Jozef | |